जयवंत दळवीं विषयी. (Record no. 740257)

MARC details
000 -LEADER
fixed length control field 00581nam a2200181Ia 4500
008 - FIXED-LENGTH DATA ELEMENTS--GENERAL INFORMATION
fixed length control field 100920s9999 xx 000 0 und d
082 ## - DEWEY DECIMAL CLASSIFICATION NUMBER
Item number 99819
Classification number 24 थ 95
100 ## - MAIN ENTRY--PERSONAL NAME
Personal name आठलेकर मंगला.
245 ## - TITLE STATEMENT
Title जयवंत दळवीं विषयी.
260 ## - PUBLICATION, DISTRIBUTION, ETC. (IMPRINT)
Name of publisher, distributor, etc राजहंस, पुणे.
Date of publication, distribution, etc 1995
300 ## - PHYSICAL DESCRIPTION
Extent 299
Other physical details साधी
365 ## - TRADE PRICE
Price amount 180
520 ## - SUMMARY, ETC.
Summary, etc सायो.
630 ## - SUBJECT ADDED ENTRY--UNIFORM TITLE
Uniform title जयवंत दळवीं विषयी.
650 ## - SUBJECT ADDED ENTRY--TOPICAL TERM
Topical term or geographic name as entry element सायो.
730 ## - ADDED ENTRY--UNIFORM TITLE
Uniform title जयवंत दळवीं विषयी.
942 ## - ADDED ENTRY ELEMENTS (KOHA)
Koha item type Book
Holdings
Withdrawn status Lost status Damaged status Not for loan Home library Current library Shelving location Date acquired Cost, normal purchase price Total Checkouts Barcode Date last seen Price effective from Koha item type Public note
        Shri Chhatrapati Pratapsinh Maharaj ( Thorle) Nagar Vachanalaya, Satara Shri Chhatrapati Pratapsinh Maharaj ( Thorle) Nagar Vachanalaya, Satara     180.00   SATVAC-99819 09/20/2010 09/20/2010 Book देवघेव